000 00598nam a22001457a 4500
999 _c61483
_d61483
005 20240319123913.0
008 240319s1980 ru ||||| |||| 00| 0 rus d
041 _arus
080 _a745 X-98
245 _aХудожественное ремесло эпохи Римской империи (I в. до Н.Э. - IV в.):
_bKаталог выставки.
264 _aЛ. :
_bИскусство,
_c1980.
300 _a355 c.:
_bил.;
_c22 см.
653 _aრომის იმპერიის ეპოქის მხატვრული ხელობა
942 _2udc
_cᲬᲘᲒᲜᲘ